000 00894nam a2200265Ia 4500
003 OSt
005 20221005104700.0
006 a|||||r|||| 00| 0
007 ta
008 221004b |||||||| |||| 00| 0 hin d
020 _a9789380651507 (hbk)
024 _a26387
037 _bGift, 04/05/2016,
_cTextual
040 _aCRL
_cCRL
_bhin
041 _2hin
_ahin
082 _aP152,A:3, 152Q3
100 _aमिश्र, मधुसूदन
245 0 _aवैदिक महाव्याकरण
246 _aVaidik mahāvyākaraṇa
260 _aदिल्ली
_bविद्यानिधि प्रकाशन भारत
_c2013
300 _a182पृ0
_ccm.
650 _aहिन्दी भाषा
942 _hP152,A:3, 152Q3
_cTEXL
_2cc
999 _c1013484
_d1013484